| 000 | 01508cam a22003491i 4500 | ||
|---|---|---|---|
| 003 | SA-RiAUC | ||
| 005 | 20241017070717.0 | ||
| 008 | 241016s2004 jo f b 00000 ara c | ||
| 040 |
_aSA-RiAUC _bara _cSA-RiAUC _erda |
||
| 050 | 4 | _b2004 Q73 | |
| 050 | 4 | _bQ67 2004 | |
| 050 | 1 | 4 | _b. Q292 2004 |
| 082 | 0 | 4 |
_a253.26 _qSA-RiAUC |
| 090 |
_a253.26 _bق و ق |
||
| 100 | 1 |
_aقوقازي، نجاتي محمد إلياس _eمؤلف. |
|
| 245 | 1 | 0 |
_aبيع المزايدة : _bالمزاد العلني : أحكامه وتطبيقاته المعاصرة : دراسة فقهية معاصرة / _cإعداد نجاتي محمد إلياس قوقازي. |
| 250 | _aالطبعة الأولى. | ||
| 264 | 1 |
_aعمان، الأردن : _bدار النفائس للنشر والتوزيع، _c2004 |
|
| 300 |
_a224 صفحة ؛ _c24 سم |
||
| 336 |
_aنص _btxt _2rdacontent _3كتاب |
||
| 337 |
_aبدون وسيط _bn _2rdamedia |
||
| 338 |
_aمجلد _bnc _2rdacarrier |
||
| 500 | _aالأصل أطروحة ماجستير، جامعة آل البيت، 2002. | ||
| 504 | _aببليوجرافية : صفحة 197-218. | ||
| 590 | _aمحمد. | ||
| 650 | 7 |
_aالبيع (فقه إسلامي) _2aucsh |
|
| 650 | 7 |
_aالمعاملات (فقه إسلامي) _2aucsh |
|
| 650 | 7 |
_aالعقود (فقه إسلامي) _2aucsh |
|
| 650 | 7 |
_aالمناقصات والمزايدات (فقه إسلامي) _2aucsh |
|
| 942 |
_2ddc _cBOOK _n0 |
||
| 949 |
_aSA-JeALM _d241016 _umohamedma123 _n1 |
||
| 999 |
_c1440 _d1440 |
||